Atletico Madrid Full Squads (2000-) - Statistics

General Stats
  • This quiz has been taken 920 times
    632 since last reset
  • The average score is 294 of 625
Answer Stats
Year # Pos/Country Answer % Correct
2014-2015 13 GK Jan Oblak
98%
2015-2016 13 GK Jan Oblak
98%
2016-2017 13 GK Jan Oblak
98%
2017-2018 13 GK Jan Oblak
98%
2018-2019 13 GK Jan Oblak
98%
2019-2020 13 GK Jan Oblak
98%
2020-2021 13 GK Jan Oblak
98%
2021-2022 13 GK Jan Oblak
98%
2022-2023 13 GK Jan Oblak
98%
2023-2024 13 GK Jan Oblak
98%
2024-2025 13 GK Jan Oblak
98%
2014-2015 7 FW Antoine Griezmann
97%
2015-2016 7 FW Antoine Griezmann
97%
2016-2017 7 FW Antoine Griezmann
97%
2017-2018 7 FW Antoine Griezmann
97%
2018-2019 7 FW Antoine Griezmann
97%
2021-2022 8 FW Antoine Griezmann
97%
2022-2023 8 FW Antoine Griezmann
97%
2023-2024 7 FW Antoine Griezmann
97%
2024-2025 7 FW Antoine Griezmann
97%
2010-2011 32 MF Koke
96%
2011-2012 19 MF Koke
96%
2012-2013 6 MF Koke
96%
2013-2014 6 MF Koke
96%
2014-2015 6 MF Koke
96%
2015-2016 6 MF Koke
96%
2016-2017 6 MF Koke
96%
2017-2018 6 MF Koke
96%
2018-2019 6 MF Koke
96%
2019-2020 6 MF Koke
96%
2020-2021 6 MF Koke
96%
2021-2022 6 MF Koke
96%
2022-2023 6 MF Koke
96%
2023-2024 6 MF Koke
96%
2024-2025 6 MF Koke
96%
2010-2011 15 DF Diego Godín
92%
2011-2012 2 DF Diego Godín
92%
2012-2013 2 DF Diego Godín
92%
2013-2014 2 DF Diego Godín
92%
2014-2015 2 DF Diego Godín
92%
2015-2016 2 DF Diego Godín
92%
2016-2017 2 DF Diego Godín
92%
2017-2018 2 DF Diego Godín
92%
2018-2019 2 DF Diego Godín
92%
2013-2014 18 DF José María Giménez
91%
2014-2015 24 DF José María Giménez
91%
2015-2016 24 DF José María Giménez
91%
2016-2017 24 DF José María Giménez
91%
2017-2018 24 DF José María Giménez
91%
2018-2019 24 DF José María Giménez
91%
2019-2020 2 DF José María Giménez
91%
2020-2021 2 DF José María Giménez
91%
2021-2022 2 DF José María Giménez
91%
2022-2023 2 DF José María Giménez
91%
2023-2024 2 DF José María Giménez
91%
2024-2025 2 DF José María Giménez
91%
2015-2016 16 FW Ángel Correa
88%
2016-2017 11 FW Ángel Correa
88%
2017-2018 11 FW Ángel Correa
88%
2018-2019 10 FW Ángel Correa
88%
2019-2020 10 FW Ángel Correa
88%
2020-2021 10 FW Ángel Correa
88%
2021-2022 10 FW Ángel Correa
88%
2022-2023 10 FW Ángel Correa
88%
2023-2024 10 FW Ángel Correa
88%
2024-2025 10 FW Ángel Correa
88%
2000-2001 10 FW Fernando Correa
88%
2001-2002 10 FW Fernando Correa
88%
2002-2003 10 FW Fernando Correa
88%
2020-2021 9 FW Luis Suárez
88%
2021-2022 9 FW Luis Suárez
88%
2005-2006 31 MF Mario Suárez
88%
2010-2011 4 MF Mario Suárez
88%
2011-2012 4 MF Mario Suárez
88%
2012-2013 4 MF Mario Suárez
88%
2013-2014 4 MF Mario Suárez
88%
2014-2015 4 MF Mario Suárez
88%
2015-2016 15 DF Stefan Savic
87%
2016-2017 15 DF Stefan Savic
87%
2017-2018 15 DF Stefan Savic
87%
2018-2019 15 DF Stefan Savic
87%
2019-2020 15 DF Stefan Savic
87%
2020-2021 15 DF Stefan Savic
87%
2021-2022 15 DF Stefan Savic
87%
2022-2023 15 DF Stefan Savic
87%
2023-2024 15 DF Stefan Savic
87%
2001-2002 9 FW Fernando Torres
85%
2002-2003 9 FW Fernando Torres
85%
2003-2004 9 FW Fernando Torres
85%
2004-2005 9 FW Fernando Torres
85%
2005-2006 9 FW Fernando Torres
85%
2006-2007 9 FW Fernando Torres
85%
2014-2015 19 FW Fernando Torres
85%
2015-2016 9 FW Fernando Torres
85%
2016-2017 9 FW Fernando Torres
85%
2017-2018 9 FW Fernando Torres
85%
2010-2011 20 DF Juanfran Torres
85%
2011-2012 20 DF Juanfran Torres
85%
2012-2013 20 DF Juanfran Torres
85%
2013-2014 20 DF Juanfran Torres
85%
2014-2015 20 DF Juanfran Torres
85%
2015-2016 20 DF Juanfran Torres
85%
2016-2017 20 DF Juanfran Torres
85%
2017-2018 20 DF Juanfran Torres
85%
2018-2019 20 DF Juanfran Torres
85%
2011-2012 13 GK Thibaut Courtois
85%
2012-2013 13 GK Thibaut Courtois
85%
2013-2014 13 GK Thibaut Courtois
85%
2012-2013 28 MF Saúl Ñíguez
84%
2014-2015 17 MF Saúl Ñíguez
84%
2015-2016 17 MF Saúl Ñíguez
84%
2016-2017 8 MF Saúl Ñíguez
84%
2017-2018 8 MF Saúl Ñíguez
84%
2018-2019 8 MF Saúl Ñíguez
84%
2019-2020 8 MF Saúl Ñíguez
84%
2020-2021 8 MF Saúl Ñíguez
84%
2021-2022 8 MF Saúl Ñíguez
84%
2022-2023 17 MF Saúl Ñíguez
84%
2023-2024 8 MF Saúl Ñíguez
84%
2015-2016 21 FW Yannick Carrasco
84%
2016-2017 10 FW Yannick Carrasco
84%
2017-2018 10 FW Yannick Carrasco
84%
2019-2020 21 FW Yannick Carrasco
84%
2020-2021 21 FW Yannick Carrasco
84%
2021-2022 21 FW Yannick Carrasco
84%
2022-2023 21 FW Yannick Carrasco
84%
2023-2024 21 FW Yannick Carrasco
84%
2019-2020 7 FW João Félix
83%
2020-2021 7 FW João Félix
83%
2021-2022 7 FW João Félix
83%
2022-2023 7 FW João Félix
83%
2012-2013 30 MF Óliver Torres
83%
2013-2014 16 MF Óliver Torres
83%
2015-2016 10 MF Óliver Torres
83%
2021-2022 5 MF Rodrigo De Paul
82%
2022-2023 5 MF Rodrigo De Paul
82%
2023-2024 5 MF Rodrigo De Paul
82%
2024-2025 5 MF Rodrigo De Paul
82%
2024-2025 9 FW Alexander Sørloth
81%
2010-2011 14 DF Filipe Luís
81%
2011-2012 6 DF Filipe Luís
81%
2012-2013 3 DF Filipe Luís
81%
2013-2014 3 DF Filipe Luís
81%
2015-2016 3 DF Filipe Luís
81%
2016-2017 3 DF Filipe Luís
81%
2017-2018 3 DF Filipe Luís
81%
2018-2019 3 DF Filipe Luís
81%
2011-2012 11 FW Arda Turan
80%
2012-2013 10 FW Arda Turan
80%
2013-2014 10 FW Arda Turan
80%
2014-2015 10 FW Arda Turan
80%
2024-2025 19 FW Julián Alvarez
80%
2022-2023 20 DF Axel Witsel
79%
2023-2024 20 DF Axel Witsel
79%
2024-2025 20 DF Axel Witsel
79%
2011-2012 9 FW Radamel Falcao
79%
2012-2013 9 FW Radamel Falcao
79%
2015-2016 22 MF Thomas Partey
79%
2016-2017 22 MF Thomas Partey
79%
2017-2018 5 MF Thomas Partey
79%
2018-2019 5 MF Thomas Partey
79%
2019-2020 5 MF Thomas Partey
79%
2020-2021 5 MF Thomas Partey
79%
2007-2008 7 FW Diego Forlán
78%
2008-2009 7 FW Diego Forlán
78%
2009-2010 7 FW Diego Forlán
78%
2010-2011 7 FW Diego Forlán
78%
2011-2012 7 FW Diego Forlán
78%
2003-2004 14 MF Diego Simeone
78%
2004-2005 14 MF Diego Simeone
78%
2024-2025 22 FW Giuliano Simeone
78%
2019-2020 14 MF Marcos Llorente
78%
2020-2021 14 MF Marcos Llorente
78%
2021-2022 14 MF Marcos Llorente
78%
2022-2023 14 MF Marcos Llorente
78%
2023-2024 14 MF Marcos Llorente
78%
2024-2025 14 MF Marcos Llorente
78%
2018-2019 11 MF Thomas Lemar
78%
2019-2020 11 MF Thomas Lemar
78%
2020-2021 11 MF Thomas Lemar
78%
2021-2022 11 MF Thomas Lemar
78%
2022-2023 11 MF Thomas Lemar
78%
2023-2024 11 MF Thomas Lemar
78%
2024-2025 11 MF Thomas Lemar
78%
2024-2025 4 MF Conor Gallagher
77%
2020-2021 4 MF Geoffrey Kondogbia
77%
2021-2022 4 MF Geoffrey Kondogbia
77%
2022-2023 4 MF Geoffrey Kondogbia
77%
2001-2002 12 DF Armando Álvarez
76%
2002-2003 21 DF Armando Álvarez
76%
2014-2015 9 FW Mario Mandžukić
73%
2022-2023 9 FW Memphis Depay
73%
2023-2024 9 FW Memphis Depay
73%
2018-2019 22 FW Álvaro Morata
72%
2019-2020 9 FW Álvaro Morata
72%
2022-2023 19 FW Álvaro Morata
72%
2023-2024 19 FW Álvaro Morata
72%
2010-2011 22 FW Diego Costa
72%
2012-2013 19 FW Diego Costa
72%
2013-2014 19 FW Diego Costa
72%
2017-2018 18 FW Diego Costa
72%
2018-2019 19 FW Diego Costa
72%
2019-2020 19 FW Diego Costa
72%
2020-2021 19 FW Diego Costa
72%
2003-2004 29 MF Gabi
72%
2005-2006 20 MF Gabi
72%
2006-2007 8 MF Gabi
72%
2011-2012 14 MF Gabi
72%
2012-2013 14 MF Gabi
72%
2013-2014 14 MF Gabi
72%
2014-2015 14 MF Gabi
72%
2015-2016 14 MF Gabi
72%
2016-2017 14 MF Gabi
72%
2017-2018 14 MF Gabi
72%
2019-2020 23 DF Kieran Trippier
72%
2020-2021 23 DF Kieran Trippier
72%
2021-2022 23 DF Kieran Trippier
72%
2022-2023 16 DF Nahuel Molina
72%
2023-2024 16 DF Nahuel Molina
72%
2024-2025 16 DF Nahuel Molina
72%
2006-2007 10 FW Sergio Agüero
70%
2007-2008 10 FW Sergio Agüero
70%
2008-2009 10 FW Sergio Agüero
70%
2009-2010 10 FW Sergio Agüero
70%
2010-2011 10 FW Sergio Agüero
70%
2014-2015 28 DF Lucas Hernández
69%
2015-2016 19 DF Lucas Hernández
69%
2016-2017 19 DF Lucas Hernández
69%
2017-2018 19 DF Lucas Hernández
69%
2018-2019 21 DF Lucas Hernández
69%
2018-2019 14 MF Rodri
69%
2011-2012 23 DF Miranda
66%
2012-2013 23 DF Miranda
66%
2013-2014 23 DF Miranda
66%
2014-2015 23 DF Miranda
66%
2016-2017 16 DF Sime Vrsaljko
66%
2017-2018 16 DF Sime Vrsaljko
66%
2019-2020 24 DF Sime Vrsaljko
66%
2020-2021 24 DF Sime Vrsaljko
66%
2021-2022 24 DF Sime Vrsaljko
66%
2000-2001 17 DF Jean-François Hernandez
65%
2021-2022 36 FW Carlos Martín
64%
2022-2023 29 FW Carlos Martín
64%
2019-2020 16 MF Héctor Herrera
63%
2020-2021 16 MF Héctor Herrera
63%
2021-2022 16 MF Héctor Herrera
63%
2024-2025 15 DF Clément Lenglet
62%
2013-2014 9 FW David Villa
62%
2009-2010 13 GK David de Gea
61%
2010-2011 13 GK David de Gea
61%
2015-2016 11 FW Jackson Martínez
61%
2007-2008 8 MF Raúl García
59%
2008-2009 8 MF Raúl García
59%
2009-2010 8 MF Raúl García
59%
2010-2011 8 MF Raúl García
59%
2012-2013 8 MF Raúl García
59%
2013-2014 8 MF Raúl García
59%
2014-2015 8 MF Raúl García
59%
2022-2023 24 MF Pablo Barrios
57%
2023-2024 24 MF Pablo Barrios
57%
2024-2025 8 MF Pablo Barrios
57%
2009-2010 5 MF Tiago Mendes
57%
2010-2011 5 MF Tiago Mendes
57%
2011-2012 5 MF Tiago Mendes
57%
2012-2013 5 MF Tiago Mendes
57%
2013-2014 5 MF Tiago Mendes
57%
2014-2015 5 MF Tiago Mendes
57%
2015-2016 5 MF Tiago Mendes
57%
2016-2017 5 MF Tiago Mendes
57%
2023-2024 12 FW Samuel Lino
56%
2024-2025 12 FW Samuel Lino
56%
2012-2013 11 MF Cristian Rodríguez
55%
2013-2014 11 MF Cristian Rodríguez
55%
2014-2015 21 MF Cristian Rodríguez
55%
2021-2022 23 DF Reinildo Mandava
55%
2022-2023 23 DF Reinildo Mandava
55%
2023-2024 23 DF Reinildo Mandava
55%
2024-2025 23 DF Reinildo Mandava
55%
2011-2012 7 FW Adrián López
54%
2012-2013 7 FW Adrián López
54%
2013-2014 7 FW Adrián López
54%
2019-2020 18 DF Felipe
54%
2020-2021 18 DF Felipe
54%
2021-2022 18 DF Felipe
54%
2022-2023 18 DF Felipe
54%
2002-2003 20 FW Luis García
54%
2007-2008 9 FW Luis García
54%
2008-2009 9 FW Luis García
54%
2005-2006 11 FW Maxi Rodríguez
54%
2006-2007 11 FW Maxi Rodríguez
54%
2007-2008 11 FW Maxi Rodríguez
54%
2008-2009 11 FW Maxi Rodríguez
54%
2009-2010 11 FW Maxi Rodríguez
54%
2019-2020 12 DF Renan Lodi
54%
2020-2021 12 DF Renan Lodi
54%
2021-2022 12 DF Renan Lodi
54%
2001-2002 29 DF Antonio López
53%
2004-2005 3 DF Antonio López
53%
2005-2006 3 DF Antonio López
53%
2006-2007 3 DF Antonio López
53%
2007-2008 3 DF Antonio López
53%
2008-2009 3 DF Antonio López
53%
2009-2010 3 DF Antonio López
53%
2010-2011 3 DF Antonio López
53%
2011-2012 3 DF Antonio López
53%
2023-2024 4 DF Çağlar Söyüncü
51%
2019-2020 22 DF Mario Hermoso
51%
2020-2021 22 DF Mario Hermoso
51%
2021-2022 22 DF Mario Hermoso
51%
2022-2023 22 DF Mario Hermoso
51%
2023-2024 22 DF Mario Hermoso
51%
2024-2025 1 GK Juan Musso
50%
2024-2025 24 DF Robin Le Normand
50%
2015-2016 12 MF Augusto Fernández
48%
2016-2017 12 MF Augusto Fernández
48%
2017-2018 12 MF Augusto Fernández
48%
2016-2017 21 FW Kévin Gameiro
46%
2017-2018 21 FW Kévin Gameiro
46%
2023-2024 3 DF César Azpilicueta
45%
2024-2025 3 DF César Azpilicueta
45%
2021-2022 19 FW Matheus Cunha
44%
2022-2023 9 FW Matheus Cunha
44%
2014-2015 1 GK Miguel Ángel Moyá
44%
2015-2016 1 GK Miguel Ángel Moyá
44%
2016-2017 1 GK Miguel Ángel Moyá
44%
2017-2018 1 GK Miguel Ángel Moyá
44%
2018-2019 43 MF Toni Moya
44%
2023-2024 25 FW Rodrigo Riquelme
43%
2024-2025 17 FW Rodrigo Riquelme
43%
2018-2019 4 DF Santiago Arias
43%
2019-2020 4 DF Santiago Arias
43%
2019-2020 35 DF Manu Sánchez
42%
2020-2021 29 DF Ricard Sánchez
42%
2000-2001 13 GK Sergio Sánchez
42%
2001-2002 1 GK Sergio Sánchez
42%
2007-2008 24 FW Simão
42%
2008-2009 20 FW Simão
42%
2009-2010 20 FW Simão
42%
2010-2011 20 FW Simão
42%
2013-2014 12 DF Toby Alderweireld
42%
2011-2012 22 MF Diego
41%
2013-2014 21 MF Diego
41%
2018-2019 9 FW Nikola Kalinić
41%
2023-2024 17 DF Javi Galán
39%
2024-2025 21 DF Javi Galán
39%
2020-2021 5 MF Lucas Torreira
38%
2018-2019 1 GK Antonio Adán
37%
2019-2020 1 GK Antonio Adán
37%
2020-2021 1 GK Ivo Grbic
37%
2022-2023 1 GK Ivo Grbic
37%
2014-2015 22 FW Alessio Cerci
36%
2016-2017 17 FW Alessio Cerci
36%
2014-2015 11 FW Raúl Jiménez
36%
2008-2009 17 DF Tomas Ujfalusi
36%
2009-2010 17 DF Tomas Ujfalusi
36%
2010-2011 17 DF Tomas Ujfalusi
36%
2021-2022 17 MF Daniel Wass
35%
2007-2008 17 FW José Antonio Reyes
33%
2009-2010 19 FW José Antonio Reyes
33%
2010-2011 19 FW José Antonio Reyes
33%
2011-2012 10 FW José Antonio Reyes
33%
2017-2018 29 DF Sergi González
33%
2000-2001 1 GK Toni Jiménez
33%
2001-2002 25 GK Toni Jiménez
33%
2010-2011 49 FW Alberto Perea
30%
2004-2005 21 DF Luis Amaranto Perea
30%
2005-2006 21 DF Luis Amaranto Perea
30%
2006-2007 21 DF Luis Amaranto Perea
30%
2007-2008 21 DF Luis Amaranto Perea
30%
2008-2009 21 DF Luis Amaranto Perea
30%
2009-2010 21 DF Luis Amaranto Perea
30%
2010-2011 21 DF Luis Amaranto Perea
30%
2011-2012 21 DF Luis Amaranto Perea
30%
2000-2001 7 DF Juan Gómez
29%
2020-2021 19 FW Moussa Dembélé
29%
2017-2018 23 FW Vitolo
29%
2018-2019 23 FW Vitolo
29%
2019-2020 20 FW Vitolo
29%
2020-2021 20 FW Vitolo
29%
2014-2015 52 DF Iván Pérez
27%
2023-2024 18 MF Arthur Vermeeren
26%
2006-2007 20 MF Maniche
26%
2007-2008 18 MF Maniche
26%
2008-2009 18 MF Maniche
26%
2008-2009 12 MF Paulo Assunção
25%
2009-2010 12 MF Paulo Assunção
25%
2010-2011 12 MF Paulo Assunção
25%
2011-2012 12 MF Paulo Assunção
25%
2023-2024 4 DF Gabriel Paulista
24%
2002-2003 23 FW José Mari
24%
2005-2006 17 FW Martin Petrov
24%
2006-2007 17 FW Martin Petrov
24%
2016-2017 23 MF Nico Gaitán
24%
2017-2018 22 MF Nico Gaitán
24%
2001-2002 22 FW Diego Alonso
23%
2015-2016 23 FW Luciano Vietto
23%
2017-2018 17 FW Luciano Vietto
23%
2009-2010 1 GK Sergio Asenjo
23%
2011-2012 25 GK Sergio Asenjo
23%
2012-2013 1 GK Sergio Asenjo
23%
2022-2023 3 DF Sergio Reguilón
23%
2004-2005 25 GK Leo Franco
22%
2005-2006 25 GK Leo Franco
22%
2006-2007 25 GK Leo Franco
22%
2007-2008 25 GK Leo Franco
22%
2008-2009 25 GK Leo Franco
22%
2014-2015 3 DF Guilherme Siqueira
21%
2015-2016 4 DF Guilherme Siqueira
21%
2002-2003 19 FW Javi Moreno
21%
2016-2017 39 FW Juan Moreno
21%
2024-2025 27 DF Ilias Kostis
20%
2007-2008 5 MF Thiago Motta
20%
2008-2009 28 DF Álvaro Domínguez
19%
2009-2010 18 DF Álvaro Domínguez
19%
2010-2011 18 DF Álvaro Domínguez
19%
2011-2012 18 DF Álvaro Domínguez
19%
2012-2013 18 DF Daniel Alberto Díaz
19%
2001-2002 13 GK Germán Burgos
19%
2002-2003 13 GK Germán Burgos
19%
2003-2004 13 GK Germán Burgos
19%
2003-2004 3 MF Gonzalo de los Santos
19%
2008-2009 5 DF Johnny Heitinga
19%
2013-2014 24 MF José Sosa
19%
2018-2019 18 FW Gelson Martins
18%
2004-2005 7 MF Marcelo Sosa
18%
2002-2003 25 DF Cosmin Contra
17%
2003-2004 2 DF Cosmin Contra
17%
2004-2005 2 DF Cosmin Contra
17%
2002-2003 8 MF Demetrio Albertini
17%
2008-2009 16 MF Éver Banega
17%
2006-2007 2 DF Georgios Seitaridis
17%
2007-2008 2 DF Georgios Seitaridis
17%
2008-2009 2 DF Georgios Seitaridis
17%
2008-2009 1 GK Grégory Coupet
17%
2007-2008 13 GK Christian Abbiati
16%
2012-2013 21 MF Emre Belözoğlu
16%
2019-2020 17 FW Ivan Saponjic
16%
2006-2007 4 DF Mariano Pernía
16%
2007-2008 4 DF Mariano Pernía
16%
2008-2009 4 DF Mariano Pernía
16%
2005-2006 10 FW Mateja Kežman
16%
2006-2007 6 MF Costinha
15%
2013-2014 1 GK Daniel Aranzubia
15%
2009-2010 14 FW Eduardo Salvio
15%
2011-2012 8 FW Eduardo Salvio
15%
2015-2016 8 MF Matías Kranevitter
15%
2000-2001 21 FW Dani
14%
2001-2002 14 FW Dani
14%
2002-2003 14 FW Dani
14%
2012-2013 22 DF Emiliano Insúa
14%
2013-2014 22 DF Emiliano Insúa
14%
2013-2014 21 FW Léo Baptistão
14%
2004-2005 22 DF Pablo Ibáñez
14%
2005-2006 22 DF Pablo Ibáñez
14%
2006-2007 22 DF Pablo Ibáñez
14%
2007-2008 22 DF Pablo Ibáñez
14%
2008-2009 22 DF Pablo Ibáñez
14%
2009-2010 22 DF Pablo Ibáñez
14%
2018-2019 40 FW Víctor Mollejo
14%
2014-2015 15 DF Cristian Ansaldi
13%
2008-2009 14 FW Florent Sinama-Pongolle
13%
2009-2010 14 FW Florent Sinama-Pongolle
13%
2018-2019 35 DF Javi Montero
13%
2006-2007 15 MF José Manuel Jurado
13%
2007-2008 15 MF José Manuel Jurado
13%
2009-2010 9 MF José Manuel Jurado
13%
2000-2001 22 FW Juan Carlos
13%
2006-2007 14 DF Zé Castro
13%
2007-2008 14 DF Zé Castro
13%
2021-2022 26 MF Javi Serrano
12%
2024-2025 29 MF Javi Serrano
12%
2014-2015 18 DF Jesús Gámez
12%
2015-2016 18 DF Jesús Gámez
12%
2013-2014 15 MF Josuha Guilavogui
12%
2000-2001 15 DF Juan Carlos Aguilera
12%
2001-2002 15 DF Juan Carlos Aguilera
12%
2002-2003 15 DF Juan Carlos Aguilera
12%
2003-2004 15 DF Juan Carlos Aguilera
12%
2004-2005 15 DF Juan Carlos Aguilera
12%
2005-2006 18 DF Juan Valera
12%
2006-2007 18 DF Juan Valera
12%
2007-2008 23 DF Juan Valera
12%
2009-2010 2 DF Juan Valera
12%
2010-2011 2 DF Juan Valera
12%
2004-2005 8 MF Richard Núñez
12%
2016-2017 42 FW Roberto Núñez
12%
2019-2020 34 FW Sergio Camello
12%
2014-2015 22 FW Cani
11%
2004-2005 11 FW Jesper Grønkjaer
11%
2009-2010 16 DF Juanito
11%
2003-2004 8 FW Kiki Musampa
11%
2004-2005 8 FW Kiki Musampa
11%
2011-2012 15 MF Pizzi
11%
2005-2006 33 GK Roberto
11%
2009-2010 13 GK Roberto
11%
2003-2004 18 MF Ariel Ibagaza
10%
2004-2005 18 MF Ariel Ibagaza
10%
2005-2006 8 MF Ariel Ibagaza
10%
2017-2018 25 GK Axel Werner
10%
2007-2008 6 MF Cléber Santana
10%
2009-2010 23 MF Cléber Santana
10%
2002-2003 18 MF Émerson
10%
2002-2003 22 DF Fabricio Coloccini
10%
2007-2008 29 MF Ignacio Camacho
10%
2008-2009 24 MF Ignacio Camacho
10%
2009-2010 6 MF Ignacio Camacho
10%
2010-2011 6 MF Ignacio Camacho
10%
2012-2013 26 DF Javier Manquillo
10%
2013-2014 17 DF Javier Manquillo
10%
2010-2011 27 GK Joel Robles
10%
2011-2012 1 GK Joel Robles
10%
2001-2002 11 MF Jovan Stankovic
10%
2002-2003 11 MF Jovan Stankovic
10%
2000-2001 23 DF Mirsad Hibic
10%
2001-2002 4 DF Mirsad Hibic
10%
2002-2003 4 DF Mirsad Hibic
10%
2004-2005 23 MF Peter Luccin
10%
2005-2006 23 MF Peter Luccin
10%
2006-2007 5 MF Peter Luccin
10%
2000-2001 9 FW Salva Ballesta
10%
2004-2005 19 FW Salva Ballesta
10%
2011-2012 17 DF Sílvio
10%
2012-2013 17 DF Sílvio
10%
2000-2001 3 DF Toni Muñoz
10%
2003-2004 21 FW Demis Nikolaidis
9%
2010-2011 9 MF Elias
9%
2006-2007 12 DF Fabiano Eller
9%
2007-2008 12 DF Fabiano Eller
9%
2001-2002 21 DF García Calvo
9%
2002-2003 5 DF García Calvo
9%
2003-2004 5 DF García Calvo
9%
2004-2005 5 DF García Calvo
9%
2005-2006 5 DF García Calvo
9%
2001-2002 23 MF Gonzalo Colsa
9%
2004-2005 4 MF Gonzalo Colsa
9%
2005-2006 4 MF Gonzalo Colsa
9%
2000-2001 20 MF Hugo Leal
9%
2009-2010 58 FW Ibrahima Balde
9%
2001-2002 19 MF Jesús Muñoz
9%
2000-2001 19 FW Kiko Narváez
9%
2006-2007 23 FW Mista
9%
2007-2008 20 FW Mista
9%
2000-2001 6 DF Santi Denia
9%
2001-2002 6 DF Santi Denia
9%
2002-2003 6 DF Santi Denia
9%
2003-2004 6 DF Santi Denia
9%
2002-2003 12 DF Sergi Barjuan
9%
2003-2004 12 DF Sergi Barjuan
9%
2004-2005 12 DF Sergi Barjuan
9%
2003-2004 24 MF Álvaro Novo
8%
2004-2005 24 MF Álvaro Novo
8%
2002-2003 1 GK Esteban
8%
2010-2011 11 MF Fran Mérida
8%
2006-2007 1 GK Iván Cuéllar
8%
2001-2002 7 MF José María Movilla
8%
2002-2003 7 MF José María Movilla
8%
2004-2005 2 DF Juan Velasco
8%
2005-2006 2 DF Juan Velasco
8%
2009-2010 24 DF Leandro Cabrera
8%
2005-2006 7 FW Luciano Galletti
8%
2006-2007 7 FW Luciano Galletti
8%
2001-2002 2 MF Txomin Nagore
8%
2002-2003 2 MF Txomin Nagore
8%
2003-2004 20 FW Veljko Paunovic
8%
2004-2005 20 FW Veljko Paunovic
8%
2016-2017 27 DF Caio Henrique
7%
2012-2013 15 DF Domingo Cisma
7%
2005-2006 7 FW Fernando Marqués
7%
2006-2007 28 FW Fernando Marqués
7%
2000-2001 4 DF Gaspar Gálvez
7%
2003-2004 19 DF Gaspar Gálvez
7%
2000-2001 2 DF Iván Amaya
7%
2001-2002 5 DF Iván Amaya
7%
2001-2002 17 DF Lluís Carreras
7%
2002-2003 17 DF Lluís Carreras
7%
2003-2004 16 DF Matías Lequi
7%
2000-2001 18 MF Roberto Fresnedoso
7%
2001-2002 18 MF Roberto Fresnedoso
7%
2003-2004 1 GK Sergio Aragoneses
7%
2000-2001 14 DF Zoran Njegus
7%
2004-2005 26 DF Francisco Molinero
6%
2005-2006 15 DF Francisco Molinero
6%
2005-2006 30 GK Ismael Falcón
6%
2007-2008 1 GK Ismael Falcón
6%
2002-2003 24 MF Jorge Larena
6%
2003-2004 10 MF Jorge Larena
6%
2004-2005 10 MF Jorge Larena
6%
2001-2002 3 DF Jorge Otero
6%
2002-2003 3 DF Jorge Otero
6%
2010-2011 43 DF Jorge Pulido
6%
2011-2012 24 DF Jorge Pulido
6%
2012-2013 12 DF Jorge Pulido
6%
2008-2009 49 FW Keko Gontán
6%
2005-2006 28 FW Manu del Moral
6%
2015-2016 32 DF Nacho Monsalve
6%
2003-2004 17 DF Nano
6%
2004-2005 17 DF Nano
6%
2000-2001 8 MF Oscar Mena
6%
2000-2001 4 MF Raphael Wicky
6%
2018-2019 38 DF Carlos Isaac
5%
2001-2002 31 MF Javier Del Pino
5%
2005-2006 6 MF José Ignacio Zahinos
5%
2000-2001 16 MF José Luque
5%
2001-2002 16 MF José Luque
5%
2001-2002 27 DF Juanma Ortiz
5%
2003-2004 27 DF Juanma Ortiz
5%
2007-2008 19 FW Miguel de las Cuevas
5%
2008-2009 19 FW Miguel de las Cuevas
5%
2003-2004 25 MF Diego Rivas
4%
2003-2004 0 DF Javier Pinola
4%
2003-2004 23 MF Rodrigo Fabri
4%
2006-2007 45 MF Víctor Bravo
4%
2004-2005 28 FW Braulio Nóbrega
3%
2000-2001 25 DF Daniel Fagiani
3%
2008-2009 27 MF Álex Quillo
2%
2008-2009 27 GK Ángel Bernabé
2%
2000-2001 25 DF Carlos Llorens
2%
2000-2001 28 MF David Cubillo
2%
2006-2007 27 FW Jacobo Ynclán
2%
2000-2001 24 MF Juan Carlos Carcedo
2%
2002-2003 31 GK Juanma Barrero
2%
2003-2004 31 GK Juanma Barrero
2%
2005-2006 27 DF Pablo Sicilia
2%
2005-2006 40 FW Rufino Segovia
2%
2006-2007 35 FW Rufino Segovia
2%
No matching quizzes found
Score Distribution
Percent of People with Each Score
Percentile by Number Answered
Your Score History
You have not taken this quiz since the last reset